000 00304nam a2200121Ia 4500
008 240624s9999 xx 000 0 und d
041 _aeng
082 _a823 FOL
100 _aFOLLETT KEN
245 _aPILLARS OF THE EARTH
260 _c2007
_aNew Delhi
_bPan Books
300 _axiv, : 1087 : p. : cm. ; 17
999 _c28718
_d28718